Giáo sư - Viện sĩ Nguyễn Khánh Toàn /

Đã lưu trong:
Sonraí Bibleagrafaíochta
Príomhúdar: Nguyễn Thúc Chuyên.
Formáid: Bài viết
Teanga:Vietnamese
Ábhair:
Clibeanna: Cuir Clib Leis
Gan Chlibeanna, Bí ar an gcéad duine leis an taifead seo a chlibeáil!
Thư viện lưu trữ: Thư viện Trường Đại học Đà Lạt
LEADER 00732nam a2200253 4500
001 DLU090101418
005 ##20091202
040 # # |a DLU  |b vie 
041 # # |a vie 
044 # # |a vn 
100 # # |a Nguyễn Thúc Chuyên. 
245 # # |a Giáo sư - Viện sĩ Nguyễn Khánh Toàn /  |c Nguyễn Thúc Chuyên. 
653 # # |a Nguyễn Khánh Toàn, 1905- 
653 # # |a Nhân vật điển hình 
773 # # |t Huế xưa & nay  |g Số 75, 2006, tr. 53-58 
920 # # |a Phòng Tạp chí -- Trung tâm Thông tin - Thư viện Trường Đại học Đà Lạt 
994 # # |a DLU 
900 # # |a True 
911 # # |a Đào Thị Thu Huyền 
925 # # |a G 
926 # # |a A 
927 # # |a BB 
980 # # |a Thư viện Trường Đại học Đà Lạt